市町村人口ランキング(道東) - Statistics

General Stats
  • This quiz has been taken 29 times
  • The average score is 23 of 32
Answer Stats
Hint 市町村 人口 % Correct
釧路 釧路市 157,519
100%
十勝 帯広市 162,460
96%
根室 根室市 23,006
88%
標津郡 中標津町 22,440
85%
釧路郡 釧路町 18,642
85%
野付郡 別海町 14,210
85%
河東郡 音更町 42,971
81%
厚岸郡 厚岸町 8,395
81%
白糠郡 白糠町 7,127
81%
河西郡 芽室町 17,955
77%
中川郡 幕別町 25,617
73%
足寄郡 足寄町 6,172
73%
広尾郡 広尾町 6,009
73%
厚岸郡 浜中町 5,333
73%
中川郡 本別町 6,190
69%
河東郡 士幌町 5,829
69%
広尾郡 大樹町 5,337
69%
標津郡 標津町 4,849
69%
中川郡 豊頃町 2,937
69%
上川郡 清水町 8,907
65%
中川郡 池田町 6,012
65%
上川郡 新得町 5,531
65%
目梨郡 羅臼町 4,367
65%
十勝郡 浦幌町 4,195
65%
足寄郡 陸別町 2,159
65%
川上郡 標茶町 6,999
62%
川上郡 弟子屈町 6,640
62%
河西郡 中札内村 3,886
62%
河西郡 更別村 3,129
62%
阿寒郡 鶴居村 2,466
62%
河東郡 鹿追町 5,061
58%
河東郡 上士幌町 4,784
58%
No matching quizzes found
Score Distribution
Percent of People with Each Score
Percentile by Number Answered
Your Score History
You have not taken this quiz